00219nam a2200085Ia 4500008004100000100001600041245002000057260004800077300000800125201224s9999 xx 000 0 und d aKurtz, S.L. 0aCEO: building a aBoston, MassbHarvard Business School Press a307